Newspaper journalism / (Record no. 14034)
[ view plain ]
| 000 -LEADER | |
|---|---|
| fixed length control field | 01898cam a2200385 a 4500 |
| 001 - CONTROL NUMBER | |
| control field | 15611156 |
| 005 - DATE AND TIME OF LATEST TRANSACTION | |
| control field | 20170105102845.0 |
| 008 - FIXED-LENGTH DATA ELEMENTS--GENERAL INFORMATION | |
| fixed length control field | 090204s2010 cau b 001 0 eng d |
| 010 ## - LIBRARY OF CONGRESS CONTROL NUMBER | |
| LC control number | 2009922265 |
| 015 ## - NATIONAL BIBLIOGRAPHY NUMBER | |
| National bibliography number | GBA984625 |
| Source | bnb |
| 015 ## - NATIONAL BIBLIOGRAPHY NUMBER | |
| National bibliography number | GBA984625 |
| Source | dnb |
| 016 7# - NATIONAL BIBLIOGRAPHIC AGENCY CONTROL NUMBER | |
| Record control number | 015357392 |
| Source | Uk |
| 020 ## - INTERNATIONAL STANDARD BOOK NUMBER | |
| International Standard Book Number | 9781412931199 |
| 020 ## - INTERNATIONAL STANDARD BOOK NUMBER | |
| International Standard Book Number | 1412931193 |
| 020 ## - INTERNATIONAL STANDARD BOOK NUMBER | |
| International Standard Book Number | 9781412931205 (pbk.) |
| 020 ## - INTERNATIONAL STANDARD BOOK NUMBER | |
| International Standard Book Number | 1412931207 (pbk.) |
| 035 ## - SYSTEM CONTROL NUMBER | |
| System control number | (OCoLC)ocn351320316 |
| 040 ## - CATALOGING SOURCE | |
| Original cataloging agency | UKM |
| Transcribing agency | UKM |
| Modifying agency | BTCTA |
| -- | YDXCP |
| -- | BWKUK |
| -- | VLB |
| -- | CDX |
| -- | BWX |
| -- | UV0 |
| -- | DEBBG |
| -- | DLC |
| 042 ## - AUTHENTICATION CODE | |
| Authentication code | lccopycat |
| 050 00 - LIBRARY OF CONGRESS CALL NUMBER | |
| Classification number | PN4775 |
| Item number | .C64 2010 |
| 082 04 - DEWEY DECIMAL CLASSIFICATION NUMBER | |
| Classification number | 070.4 |
| Edition number | 22 |
| 084 ## - OTHER CLASSIFICATION NUMBER | |
| Classification number | AP 22800 |
| Number source | rvk |
| 100 1# - MAIN ENTRY--PERSONAL NAME | |
| Personal name | Cole, Peter. |
| 245 10 - TITLE STATEMENT | |
| Title | Newspaper journalism / |
| Statement of responsibility, etc. | Peter Cole and Tony Harcup. |
| 260 ## - PUBLICATION, DISTRIBUTION, ETC. | |
| Place of publication, distribution, etc. | Los Angeles, Calif. : |
| Name of publisher, distributor, etc. | SAGE, |
| Date of publication, distribution, etc. | 2010. |
| 300 ## - PHYSICAL DESCRIPTION | |
| Extent | vi, 223 p. ; |
| Dimensions | 25 cm. |
| 504 ## - BIBLIOGRAPHY, ETC. NOTE | |
| Bibliography, etc. note | Includes bibliographical references (p. [206]-216) and index. |
| 505 0# - FORMATTED CONTENTS NOTE | |
| Formatted contents note | Part I: Newspapers past and present. -- 1. The continuing importance of newspaper journalism -- 2. The UK national press today -- Beyond fleet street: newspapers in the regions and nations -- 4. Headlines from newspaper history -- Part II: COntemporary practices and current debates. -- 5. The changing political economy of the press -- 6. From telling stories to providing content: journalism in the digital age -- 7. The press under scrutiny: self regulation and ethics -- 8. Digging deeper: investigative journalism in newspapers -- Part III: Making sense of newspapers. -- 9. Hacks and academy: theorising journalism -- 10. Newspapers at the crossroads -- 11. Read all about it: a critical bibliography of newspaper journalism. |
| 650 #0 - SUBJECT ADDED ENTRY--TOPICAL TERM | |
| Topical term or geographic name entry element | Journalism. |
| 650 #0 - SUBJECT ADDED ENTRY--TOPICAL TERM | |
| Topical term or geographic name entry element | Newspapers. |
| 700 1# - ADDED ENTRY--PERSONAL NAME | |
| Personal name | Harcup, Tony. |
| 906 ## - LOCAL DATA ELEMENT F, LDF (RLIN) | |
| a | 7 |
| b | cbc |
| c | copycat |
| d | 2 |
| e | ncip |
| f | 20 |
| g | y-gencatlg |
| 942 ## - ADDED ENTRY ELEMENTS (KOHA) | |
| Source of classification or shelving scheme | |
| Koha item type | Book |
| Withdrawn status | Lost status | Damaged status | Not for loan | Collection code | Permanent Location | Current Location | Shelving location | Date acquired | Total Checkouts | Full call number | Barcode | Date last seen | Price effective from | Koha item type |
|---|---|---|---|---|---|---|---|---|---|---|---|---|---|---|
| Centre for International Peace & Stability (CIPS) | Centre for International Peace & Stability (CIPS) | General Stacks | 08/15/2013 | 070.4 COL 2010 | CIPS0000649 | 08/15/2013 | 08/15/2013 | Book |
